A$AP Rocky Songs - Sudden Death - Statistics

General Stats
  • This quiz has been taken 925 times
  • The average score is 9 of 24
Answers on the Grid
Answers color-coded by a green-red scale on the quiz's grid according to % correct below.
Tailor Swif
LVL
Rocky Theme
Roll One Up
Young N***a Living
A$AP
Jodye
Plain Jane
r-Cali
Girls
Free Smoke
Rinsed
M'$
Bass
Multiply
Kostas
Peso
Brand New Guy
D.M.B
JD
ETA
Bad Company
FTW (F**k The World)
Same Problems?
Sundress
Under Ground Kings
Ruby Rosary
Chloe
RIOT
Integrity
Better Things
Wavybone
Phoenix
Take It Easy Freestyle
B.O.A.T
Jus Lef Phoenix
Cocky
L$D
Let Down
Deep End Freestyle
 
Answer Stats
Answer % Correct
LVL
94%
Tailor Swif
83%
L$D
67%
Sundress
64%
Peso
63%
Jodye
49%
Phoenix
49%
Roll One Up
41%
Bass
40%
M'$
40%
r-Cali
38%
Ruby Rosary
38%
Wavybone
38%
Brand New Guy
36%
JD
33%
RIOT
33%
D.M.B
27%
Same Problems?
25%
Better Things
20%
Multiply
18%
FTW (F**k The World)
16%
Bad Company
12%
Take It Easy Freestyle
12%
Cocky
9%
No matching quizzes found
Score Distribution
Percent of People with Each Score
Percentile by Number Answered
Your Score History
You have not taken this quiz